The Journal of the Association of Teachers of Japanese

Bibliografski detalji
Format: Elektronički Žurnal
Jezik:English
Izdano: American Association of Teachers of Japanese
Teme:
Online pristup:Full text available on JSTOR[1972-11-01 - 2000-10-01]
Off-campus access
LEADER 01101cas a2200217 a 4500
001 AALejournalJSTOR001289
008 230228c9999 xx r poo 0 0eng d
022 |a 0885-9884 
022 |a 2326-4535 
040 |a BD-DhAAL  |c BD-DhAAL 
245 0 0 |h [electronic resource]  |a The Journal of the Association of Teachers of Japanese 
260 |b American Association of Teachers of Japanese 
300 |a 1 online resource 
362 0 |a Vol. 8,  |a no. 1 
500 |a <strong>Off-Campus Access:</strong> Athens ID and Password Required 
500 |a <strong>On-Campus Access:</strong> No User ID or Password Required 
506 |a Electronic access restricted to authorized BRAC University faculty, staff and students 
538 |a Mode of access: Internet 
650 4 |a Area Studies ; Asian Studies ; Education ; Humanities ; Language & Literature ; Social Sciences 
856 4 0 |z Full text available on JSTOR[1972-11-01 - 2000-10-01]  |u https://www.jstor.org/journal/jassoteacjapa 
856 4 0 |z Off-campus access  |u https://go.openathens.net/redirector/bracu.ac.bd?url=https%3A%2F%2Fwww.jstor.org%2Fjournal%2Fjassoteacjapa